Normal view
MARC view
- رجيب ، بيان يوسف
Entry Personal Name
001 - CONTROL NUMBER
- control field: 12230
003 - CONTROL NUMBER IDENTIFIER
- control field: JO-AjAnu
005 - DATE AND TIME OF LATEST TRANSACTION
- control field: 20230606072248.0
008 - FIXED-LENGTH DATA ELEMENTS
- fixed length control field: 230606|| aca||aabn | a|a d
040 ## - CATALOGING SOURCE
- Original cataloging agency: JO-AjAnu
- Transcribing agency: JO-AjAnu
100 ## - HEADING--PERSONAL NAME
- Personal name: رجيب ، بيان يوسف
670 ## - SOURCE DATA FOUND
- Source citation: Work cat.: (JO-AjAnu)6300: رجيب ، بيان يوسف , author, دور الحيازة في الرهن الحيازي : دراسة موازنة بين التشريعات الوضعية والشريعة الإسلامية